| 000 | 01167nam a2200349 i 4500 | ||
|---|---|---|---|
| 003 | EG-GICUC | ||
| 005 | 20260514211521.0 | ||
| 008 | 260514s2001 fr f|||| 00|00b fre d | ||
| 020 | _a224700007X | ||
| 040 |
_aEG-GiCUC _bfre _cEG-GiCUC _dEG-GiCUC _eRda |
||
| 041 | 0 | _afre | |
| 082 | 0 | 4 |
_221 _a345.5 _bSC . J |
| 092 | 0 | 4 | _221 |
| 099 | _aLaw1 07 345.5 SC . J 1978 0705044 C1 | ||
| 100 | 1 |
_aSchmeltz, Guy-willy _eAuteur |
|
| 245 | 1 | 3 |
_aLa Jurisprudence Fiscale De La Juridiction Administrative / _bPar Guy-willy Schmeltz ; Avec La Participation De Didier De Montbrial ,Catherine Deheeger. |
| 264 | 1 |
_aParis : _bDalloz , _c1978. |
|
| 300 |
_a543 page ; _c24 cm. _b; |
||
| 336 |
_2rda contenu _a texte |
||
| 337 |
_2rda medias _aOrdinateur |
||
| 338 |
_2 transporteur rda _a Ressource en ligne |
||
| 546 | _aTexte en français | ||
| 650 | 1 | 4 |
_aDroit administratif _2qrmak |
| 650 | 1 | 4 |
_aImpôts _2qrmak |
| 650 | 1 | 4 | _aFonds publics |
| 651 | 1 | _2qrmak | |
| 700 | 1 |
_aMontbrial, Didier De _eCo-Auteur |
|
| 700 | 1 |
_aDeheeger, Catherine _eCo-Auteur |
|
| 856 | 4 | 0 | _uhttps://fll.law.cu.edu.eg/fulltext/bks/B07-05044pdf |
| 905 | _a164 | ||
| 942 |
_2ddc _cBK _e21 _n0 |
||
| 999 |
_c76912 _d76912 |
||